RESEARCH POLICY (Record no. 7018)
[ view plain ]
| 000 -LEADER | |
|---|---|
| fixed length control field | 00338nam a2200121Ia 4500 |
| 022 ## - INTERNATIONAL STANDARD SERIAL NUMBER | |
| ISSN | 0048-7333 |
| 245 #0 - TITLE STATEMENT | |
| Title | RESEARCH POLICY |
| 260 ## - PUBLICATION, DISTRIBUTION, ETC. (IMPRINT) | |
| Name of publisher | North Holland Pub Co, Amsterdam |
| Place of publication | Netherland |
| 500 ## - GENERAL NOTE | |
| General note | Ending Volume & Year: 16, 1987 |
| 500 ## - GENERAL NOTE | |
| General note | Starting Volume & Year: 7, 1978 |
| 942 ## - ADDED ENTRY ELEMENTS (KOHA) | |
| Koha item type | Bound Journal |
| Withdrawn status | Lost status | Damaged status | Not for loan | Home library | Current library | Date acquired | Accession Number | Koha item type |
|---|---|---|---|---|---|---|---|---|
| Bound journals | RRII Library | RRII Library | 31/12/2021 | 06980J | Bound Journal |